Kieliä - Äkkikuolema - Statistics

Yleistilastot
  • Tätä visaa on pelattu 3 249 kertaa
  • Keskiarvotulos 7 / 20
Answers on the Grid
Answers color-coded by a green-red scale on the quiz's grid according to % correct below.
Atlantti
Australia
Baski
Burma
Cebuano
Englanti
Forintti
Friisi
Gurkha
Hausa
Hmong
Igbo
Intia
Italia
Kaukaasia
Ketšua
Khmer
Lhoti
Luxemburg
Maori
Orija
Paštu
Peru
Seepia
Sveitsi
Swahili
Tadžikki
Tagalog
Urdu
Zulu
 
Vastaustilastot
Vastaus % Oikein
Englanti
87%
Italia
63%
Swahili
62%
Baski
59%
Urdu
48%
Maori
42%
Zulu
41%
Friisi
39%
Tagalog
37%
Tadžikki
35%
Khmer
32%
Burma
30%
Paštu
29%
Ketšua
26%
Igbo
22%
Hausa
19%
Hmong
19%
Cebuano
18%
Luxemburg
14%
Orija
12%
Ehtoja vastaavia visoja ei löytynyt
Tulosjakauma
Jokaisen tuloksen saaneiden osuus
Persentiili vastausten määrän mukaan
Tuloshistoriasi
Et ole pelannut tätä visaa